| 000 | 00000nas 2200000za 4500 |
| 001 | 9.502933 |
| 003 | CaOODSP |
| 005 | 20230921110739 |
| 007 | cr ||||||||||| |
| 008 | 150406d19892004xxc|| p o||||f| |0fre|d |
| 022 | |a1493-3284 |
| 040 | |aCaOODSP|bfre |
| 043 | |an-cn--- |
| 086 | 1 |aRG81-1F-PDF |
| 245 | 00|aCommission du droit d'auteur, rapport annuel. |
| 246 | 1 |aRapport annuel - Commission du droit d'auteur Canada (En ligne) |
| 264 | 1|aOttawa, Ontario : |bCommission du droit d'auteur Canada |
| 310 | |aAnnuel |
| 362 | 1 |aParaît depuis 1988/1989; ne paraît plus après 2003/2004. |
| 691 | 07|aDroit d'auteur|2gcpds |
| 710 | 2 |aCommission du droit d'auteur Canada, |eorganisme de publication. |
| 775 | 08|tCopyright Board annual report |w(CaOODSP)9.506534 |
| 785 | 00|tRapport annuel |w(CaOODSP)9.502034 |